000 00647nam a2200193Ia 4500
003 GCL
008 140319s9999 xx 000 0 ara d
040 _aGCL /
_cGCL
082 0 4 _a070.172
_bف ص
100 1 _aمدكور ثابت
245 1 0 _aصحافة السينما فى مصر: النصف الاول من القرن العشرين /
_cمدكور ثابت
700 1 _aفريدخ مرعى
260 _aالقاهرة :
_bالمركز القومى للسينما
300 _a376 ص ؛
_c24 سم
490 _aملفات السينما
_v0
650 0 4 _aالسينما
650 0 4 _aالصحافة والسينما
942 _2ddc
_cBK
999 _c47487
_d47487